Sign systems for libraries (Record no. 35476)

MARC details
000 -LEADER
fixed length control field 00311nam a2200121Ia 4500
082 ## - DEWEY DECIMAL CLASSIFICATION NUMBER
Classification number 02:003.62
Item number POL
100 ## - MAIN ENTRY--AUTHOR NAME
Personal name Haskell, Peter C
245 #0 - TITLE STATEMENT
Title Sign systems for libraries
260 ## - PUBLICATION, DISTRIBUTION, ETC. (IMPRINT)
Place of publication New York
Name of publisher R R Bowker
Year of publication 1979
700 ## - ADDED ENTRY--PERSONAL NAME
Personal name Pollete, Dorothy
942 ## - ADDED ENTRY ELEMENTS (KOHA)
Koha item type Books
Holdings
Withdrawn status Lost status Damaged status Not for loan Home library Current library Date acquired Cost, normal purchase price Full call number Accession Number Koha item type
        RRII Library RRII Library 16/12/2021 30.00 02:003.62 POL 15900 Books